000 00306nam a22001337a 4500
008 180129b xxu||||| |||| 00| 0 eng d
020 _a9789041109361
041 _aeng
080 _a321
100 _a15
101 _aSHJ
245 _aInternational Food and Beverage Law
_cCampbell, D
942 _2udc
_cBK
999 _c41184
_d41184